The shape of practical theology : (Record no. 19837)

MARC details
000 -LEADER
fixed length control field 00960cam a22002534a 4500
001 - CONTROL NUMBER
control field 12185546
003 - CONTROL NUMBER IDENTIFIER
control field OSt
005 - DATE AND TIME OF LATEST TRANSACTION
control field 20230116100838.0
008 - FIXED-LENGTH DATA ELEMENTS--GENERAL INFORMATION
fixed length control field 000926s2001 ilua b 001 0 eng
010 ## - LIBRARY OF CONGRESS CONTROL NUMBER
LC control number 00047157
020 ## - INTERNATIONAL STANDARD BOOK NUMBER
International Standard Book Number 0830815597
040 ## - CATALOGING SOURCE
Original cataloging agency DLC
Transcribing agency DLC
Modifying agency DLC
042 ## - AUTHENTICATION CODE
Authentication code pcc
050 00 - LIBRARY OF CONGRESS CALL NUMBER
Classification number BV3
Item number .A47 2001
100 1# - MAIN ENTRY--PERSONAL NAME
Personal name Anderson, Ray Sherman.
245 14 - TITLE STATEMENT
Title The shape of practical theology :
Remainder of title empowering ministry with theological praxis /
Statement of responsibility, etc. Ray S. Anderson.
260 ## - PUBLICATION, DISTRIBUTION, ETC. (IMPRINT)
Place of publication, distribution, etc. Downers Grove, Ill. :
Name of publisher, distributor, etc. InterVarsity Press,
Date of publication, distribution, etc. 2001.
300 ## - PHYSICAL DESCRIPTION
Extent 342 p. :
504 ## - BIBLIOGRAPHY, ETC. NOTE
Bibliography, etc Includes bibliographical references (p. [329]-338) and indexes.
650 #0 - SUBJECT ADDED ENTRY--TOPICAL TERM
Topical term or geographic name as entry element Theology, Practical.
906 ## - LOCAL DATA ELEMENT F, LDF (RLIN)
a 7
b cbc
c orignew
d 1
e ocip
f 20
g y-gencatlg
942 ## - ADDED ENTRY ELEMENTS (KOHA)
Source of classification or shelving scheme Library of Congress Classification
Koha item type General Collection
Holdings
Withdrawn status Lost status Source of classification or shelving scheme Not for loan Home library Current library Date acquired Cost, normal purchase price Total Checkouts Full call number Barcode Date last seen Price effective from Koha item type Checked out Date last checked out
    Library of Congress Classification   Kabarak, Main Campus Kabarak, Main Campus 16/01/2023 5367.00   BV3 .A47 2001 c.1 032782 02/08/2024 16/01/2023 General Collection    
    Library of Congress Classification   Kabarak, Main Campus Kabarak, Main Campus 16/01/2023 5367.00 1 BV3 .A47 2001 c.2 032783 12/01/2026 16/01/2023 General Collection 27/04/2026 12/01/2026
Designed with assistance from East African Informatics Ltd